<?xml version="1.0" encoding="UTF-8"?>
<collection xmlns="http://www.loc.gov/MARC21/slim">
    <record>
        <controlfield tag="001">57695</controlfield>
        <controlfield tag="005">20161125112147.0</controlfield>
        <datafield tag="037" ind1=" " ind2=" ">
            <subfield code="a">TAZ-TFG-2016-766</subfield>
        </datafield>
        <datafield tag="041" ind1=" " ind2=" ">
            <subfield code="a">spa</subfield>
        </datafield>
        <datafield tag="100" ind1="1" ind2=" ">
            <subfield code="a">Rodríguez Rodríguez, Laura Maria</subfield>
        </datafield>
        <datafield tag="242" ind1="0" ind2="0">
            <subfield code="a">healthcare delivery profile to doctors as patients</subfield>
        </datafield>
        <datafield tag="245" ind1="0" ind2="0">
            <subfield code="a">¿Qué atención reciben los profesionales médicos como pacientes?</subfield>
        </datafield>
        <datafield tag="260" ind1=" " ind2=" ">
            <subfield code="a">Zaragoza</subfield>
            <subfield code="b">Universidad de Zaragoza</subfield>
            <subfield code="c">2016</subfield>
        </datafield>
        <datafield tag="506" ind1=" " ind2=" ">
            <subfield code="a">by-nc-sa</subfield>
            <subfield code="b">Creative Commons</subfield>
            <subfield code="c">3.0</subfield>
            <subfield code="u">http://creativecommons.org/licenses/by-nc-sa/3.0/</subfield>
        </datafield>
        <datafield tag="520" ind1=" " ind2=" ">
            <subfield code="a">Objetivos: Comprender el proceso de enfermar del profesional médico y si éste es diferente por el hecho de serlo para poder plantear estrategias de mejora de la atención al profesional enfermo con años de ejercicio profesional.  Métodos: Se ha realizado una revisión bibliográfica utilizando la base de datos MEDLINE a través de Pubmed y EMBASE e Indice Médico Español. Se han realizado entrevistas en profundidad a cinco médicos en activo con enfermedad. Se ha realizado un análisis cualitativo de la información de cada entrevista con el programa MAXqda. Resultados: Se han entrevistado a tres varones y dos mujeres, con una edad media de ambos sexos de 53 años. De las entrevistas hemos extraído los códigos más prevalentes, entre los que destacan, la pérdida de confidencialidad como perjuicio, los sentimientos de miedo y negación y la hipocondriasis del proceso. También hemos observado que el proceso de diagnóstico se ve acelerado y sin embargo en cuanto al tratamiento y el seguimiento se pierde la continuidad del proceso. Conclusión: Debido a la limitación en cuanto al tiempo y extensión de la investigación vemos necesario ampliar el estudio de campo para poder extraer conclusiones extrapolables. Se detecta la necesidad de la creación de sistemas impulsados por las instituciones colegiales que ofrezcan un apoyo a los médicos en el proceso de enfermar.Es indiscutible la necesidad de definir la figura del médico de médicos para conseguir una atención sanitaria que responda a las particularidades del profesional médico enfermo.</subfield>
        </datafield>
        <datafield tag="521" ind1=" " ind2=" ">
            <subfield code="a">Graduado en Medicina</subfield>
        </datafield>
        <datafield tag="540" ind1=" " ind2=" ">
            <subfield code="a">Derechos regulados por licencia Creative Commons</subfield>
        </datafield>
        <datafield tag="700" ind1=" " ind2=" ">
            <subfield code="a">Astier Peña, María Pilar</subfield>
            <subfield code="e">dir.</subfield>
        </datafield>
        <datafield tag="710" ind1="2" ind2=" ">
            <subfield code="a">Universidad de Zaragoza</subfield>
            <subfield code="b">Medicina, Psiquiatría y Dermatología</subfield>
            <subfield code="c">Medicina</subfield>
        </datafield>
        <datafield tag="856" ind1="0" ind2=" ">
            <subfield code="f">617941@celes.unizar.es</subfield>
        </datafield>
        <datafield tag="856" ind1="4" ind2=" ">
            <subfield code="s">1306923</subfield>
            <subfield code="u">http://zaguan.unizar.es/record/57695/files/TAZ-TFG-2016-766.pdf</subfield>
            <subfield code="y">Memoria (spa)</subfield>
        </datafield>
        <datafield tag="909" ind1="C" ind2="O">
            <subfield code="o">oai:zaguan.unizar.es:57695</subfield>
            <subfield code="p">driver</subfield>
            <subfield code="p">trabajos-fin-grado</subfield>
        </datafield>
        <datafield tag="950" ind1=" " ind2=" ">
            <subfield code="a"></subfield>
        </datafield>
        <datafield tag="951" ind1=" " ind2=" ">
            <subfield code="a">deposita:2016-11-24</subfield>
        </datafield>
        <datafield tag="980" ind1=" " ind2=" ">
            <subfield code="a">TAZ</subfield>
            <subfield code="b">TFG</subfield>
            <subfield code="c">MED</subfield>
        </datafield>
    </record>

    
</collection>